|
|
|
|
| LEADER |
00000nkm a2200000 a 4500 |
| 001 |
vtls011880394 |
| 003 |
SK-MaSNL |
| 005 |
20260301101613.0 |
| 007 |
kf bo |
| 008 |
230706q1934 xo g 0k|slo |
| 015 |
|
|
|a SNBG1934
|
| 035 |
|
|
|a urn:nbn:sk:snk-km00ebj8
|
| 035 |
|
|
|a urn:nbn:sk:snk-km43fmz
|
| 035 |
|
|
|a AE5EA2C5-5D0F-4DED-9441-515B67048043
|
| 040 |
|
|
|a SNK
|b slo
|c SNK
|e AACR2
|
| 041 |
0 |
|
|a slo
|
| 043 |
|
|
|a e-xo---
|
| 044 |
|
|
|a xo
|c SK
|
| 072 |
|
7 |
|a 913
|x Regionálna geografia
|2 konspekt
|
| 080 |
|
|
|a 913(437.6)
|2 2011
|
| 080 |
|
|
|a (084.121)
|2 2011
|
| 080 |
|
|
|a 908(437.6)
|2 2011
|
| 245 |
0 |
0 |
|a Ružomberok
|h grafika
|b celkový pohľad
|
| 260 |
|
|
|a [Ružomberok?]
|b [vydavateľ neznámy]
|c [1934?]
|
| 300 |
|
|
|a 1 pohľadnica
|b čiernobiela
|c 9 x 14 cm
|
| 500 |
|
|
|a Názvové údaje prevzaté z obrazovej časti pohľadnice
|
| 520 |
8 |
|
|a Zobrazenie: V bielom orámovaní pohľad na mesto spoza rieky v pozadí vidieť vrch
|
| 651 |
|
7 |
|a Váh (Slovensko : rieka)
|2 SNKPHgeo
|9 59387
|
| 651 |
|
7 |
|a Ružomberok (Slovensko)
|2 SNKPHgeo
|9 24370
|
| 655 |
|
7 |
|a miestne pohľadnice
|2 SNKPH
|9 70510
|
| 655 |
|
7 |
|a geografické pohľadnice
|2 SNKPH
|9 70522
|
| 852 |
|
|
|a Slovenská národná knižnica
|
| 958 |
|
|
|a GBN
|
| 958 |
|
|
|a GC
|
| 958 |
|
|
|a ONDV
|
| 999 |
|
|
|c 689821
|d 691751
|
| 952 |
|
|
|a SNK
|b SNK
|y PREZ
|7 0
|p 17A1221353
|o snkSP 20816
|0 0
|1 0
|4 0
|d 2019-08-06
|f 1
|l 0
|r 2026-02-23 20:24:04
|w 2026-02-23
|